00408nam a2200145Ia 450000500170000000800410001702000150005808200130007324500720008626000450015830000160020365000120021965000120023170000190024320250108041241.0240331s9999 xx 000 0 und d a0195619900 bSUBa950 0aSubaltern studies II :bwritings on South Asian History and Society aNew DelhibOxford University Pressc1983 aX, 358 p ., aHistory aSociety aGuha, R. eedt